Normal view MARC view
  • Juventud

Entry Materia

Number of records used in: 20

001 - NÚMERO DE CONTROL DEL REGISTRO

  • campo de control: 9373

003 - IDENTIFICADOR DE NUMERO DE CONTROL

  • campo de control: MX-MxUPN

005 - FECHA Y HORA DE LA ÚLTIMA TRANSACCIÓN

  • campo de control: 20250324143228.0

008 - DATOS DE LONGITUD FIJA

  • campo de control de longitud fija: 250324nabfcnnnbabn b ana |d

035 ## - NÚMERO DE CONTROL DEL SISTEMA

  • Número de control del sistema: UPN10000009379

040 ## - FUENTE DE LA CATALOGACIÓN

  • Centro catalogador de origen: MX-MxUPN
  • Lengua de catalogación: spa

053 #4 - NÚMERO CLASIFICADOR - BIBLIOTECA DEL CONGRESO (LC)

  • Elemento numérico de la clasificación - Número único o no. inicial del rango: HD6270
  • Elemento numérico de la clasificación - Número único o no. final del rango: HD6276

150 ## - ENCABEZAMIENTO - TEMÁTICO

  • Término de materia o nombre geográfico como elemento inicial: Juventud
  • Subdivisión de materia general: Empleo

450 ## - VÉASE - MATERIA

  • Encabezamiento temático: Empleo de los jóvenes

450 ## - VÉASE - MATERIA

  • Encabezamiento temático: Jóvenes -
  • Subdivisión temática general: Trabajo

450 ## - VÉASE - MATERIA

  • Encabezamiento temático: Trabajo de jóvenes

670 ## - FUENTE EN LA QUE SE LOCALIZARON DATOS

  • Cita de la fuente: E/P

902 ## - CATALOGADOR

  • Catalogador: MMA/200197